Palestine Digest (volume 3, issue no. 4) (Record no. 76065)
[ view plain ]
| 000 -LEADER | |
|---|---|
| fixed length control field | 00669nam a2200229 i 4500 |
| 005 - DATE AND TIME OF LATEST TRANSACTION | |
| control field | 20260506211641.0 |
| 008 - FIXED-LENGTH DATA ELEMENTS--GENERAL INFORMATION | |
| fixed length control field | 260506n xxx||||| |||| 00| 0 eng d |
| 040 ## - CATALOGING SOURCE | |
| Transcribing agency | . |
| 082 04 - DEWEY DECIMAL CLASSIFICATION NUMBER | |
| Edition information | 21 |
| Classification number | 341.762 |
| 245 00 - TITLE STATEMENT | |
| Title | Palestine Digest (volume 3, issue no. 4) |
| 300 ## - PHYSICAL DESCRIPTION | |
| Extent | volumes ; |
| Dimensions | 28 cm |
| 310 ## - CURRENT PUBLICATION FREQUENCY | |
| Current publication frequency | Unknown |
| 336 ## - CONTENT TYPE | |
| Source | rda content |
| Content type term | Text |
| 337 ## - MEDIA TYPE | |
| Source | rda media |
| Media type term | unmediated |
| 338 ## - CARRIER TYPE | |
| Source | rda carrier |
| Carrier type term | volume |
| 362 0# - DATES OF PUBLICATION AND/OR SEQUENTIAL DESIGNATION | |
| Dates of publication and/or sequential designation | volume 3, issue no. 4 |
| 650 ## - SUBJECT ADDED ENTRY--TOPICAL TERM | |
| Topical term or geographic name entry element | Environmental law, International |
| Form subdivision | Periodicals |
| 651 ## - SUBJECT ADDED ENTRY--GEOGRAPHIC NAME | |
| Geographic name | Palestine |
| General subdivision | History |
| Form subdivision | Periodicals |
| 856 ## - ELECTRONIC LOCATION AND ACCESS | |
| Uniform Resource Identifier | <a href="https://fll.law.cu.edu.eg/fulltext/cr/B11-09984.pdf">https://fll.law.cu.edu.eg/fulltext/cr/B11-09984.pdf</a> |
| 905 ## - Cataloger | |
| Cataloger name | Nora Khalil |
| 942 ## - ADDED ENTRY ELEMENTS (KOHA) | |
| Source of classification or shelving scheme | Dewey Decimal Classification |
| Koha item type | Continuing Resources |
| Suppress in OPAC | No |
| Withdrawn status | Lost status | Source of classification or shelving scheme | Damaged status | Not for loan | Collection | Home library | Current library | Date acquired | Total checkouts | Full call number | Barcode | Date last seen | Copy number | Price effective from | Koha item type |
|---|---|---|---|---|---|---|---|---|---|---|---|---|---|---|---|
| Dewey Decimal Classification | Not for loan | القانون الدولي العام | جــــامعة القــاهرة | مكتبة كلية الحقوق - المبنى الرئيسي | 06.05.2026 | Law1 11 341.762 PA . L 1973 1109984 C1 | B11-09984 | 06.05.2026 | 1 | 06.05.2026 | Continuing Resources |